Manchester United 2021/22 Season Results - Statistics

General Stats
  • This quiz has been taken 42 times
  • The average score is 29 of 49
Answer Stats
Question Answer % Correct
14th August - Premier League - Leeds United - Home 4-1 Win
94%
14th September - Champions League - Young Boys - Away 1-2 Loss
81%
24th October - Premier League - Liverpool - Home 5-0 Loss
81%
15th March - Champions League - Atletico Madrid - Home 1-0 Loss
75%
6th November - Premier League - Manchester City - Home 2-0 Loss
75%
29th September - Champions League - Villarreal - Home 2-1 Win
75%
30th October - Premier League - Tottenham Hotspur - Away 3-0 Win
75%
2nd December - Premier League - Arsenal - Home 3-2 Win
75%
16th October - Premier League - Leicester City - Away 4-2 Loss
75%
20th February - Premier League - Leeds United - Away 4-2 Win
75%
29th August - Premier League - Wolverhampton Wanderers - Away 1-0 Win
69%
28th November - Premier League - Chelsea - Away 1-1 Draw
69%
19th September - Premier League - West Ham United - Away 2-1 Win
69%
2nd November - Champions League - Atalanta 2-2 Draw
69%
15th January - Premier League - Aston Villa - Away 2-2 Draw
69%
23rd April - Premier League - Arsenal - Away 3-1 Loss
69%
20th October - Champions League - Atalanta - Home 3-2 Win
69%
6th March - Premier League - Manchester City - Away 4-1 Loss
69%
11th September - Premier League - Newcastle United - Home 4-1 Win
69%
22nd September - EFL Cup - West Ham United - Home 1-0 Loss
63%
11th December - Premier League - Norwich City - Away 1-0 Win
63%
22nd August - Premier League - Southampton - Away 1-1 Draw
63%
2nd October - Premier League - Everton - Home 1-1 Draw
63%
23rd February - Champions League - Atletico Madrid - Away 1-1 Draw
63%
12th March - Premier League - Tottenham Hotspur - Home 3-2 Win
63%
19th April - Premier League - Liverpool - Away 4-0 Loss
63%
25th September - Premier League - Aston Villa - Home 0-1 Loss
56%
3rd January - Premier League - Wolverhampton Wanderers - Home 1-0 Loss
56%
5th December - Premier League - Crystal Palace - Home 1-0 Win
56%
22nd January - Premier League - West Ham United - Home 1-0 Win
56%
27th December - Premier League - Newcastle United - Away 1-1 Draw
56%
28th April - Premier League - Chelsea - Home 1-1 Draw
56%
23rd November - Champions League - Villarreal - Away 2-0 Win
56%
15th February - Premier League - Brighton & Hove Albion - Home 2-0 Win
56%
19th January - Premier League - Brentford - Away 3-1 Win
56%
7th May - Premier League - Brighton & Hove Albion - Away 4-0 Loss
56%
10th January - FA Cup - Aston Villa - Home 1-0 Win
50%
4th February - FA Cup - Middlesbrough - Home 1-1 Draw
50%
26th February - Premier League - Watford - Home 0-0 Draw
44%
9th April - Premier League - Everton - Away 1-0 Loss
44%
12th February - Premier League - Southampton - Home 1-1 Draw
44%
2nd April - Premier League - Leicester City - Home 1-1 Draw
44%
2nd May - Premier League - Brentford - Home 3-0 Win
44%
30th December - Premier League - Burnley - Home 3-1 Win
44%
8th December - Champions League - Young Boys - Home 1-1 Draw
38%
8th February - Premier League - Burnley - Away 1-1 Draw
38%
22nd May - Premier League - Crystal Palace - Away 1-0 Loss
31%
16th April - Premier League - Norwich City - Home 3-0 Win
6%
20th November - Premier League - Watford - Away 5-0 Loss
0%
No matching quizzes found
Score Distribution
Percent of People with Each Score
Percentile by Number Answered
Your Score History
You have not taken this quiz